000 00537nam a22001577a 4500
003 OSt
005 20251120172443.0
008 251120b |||||||| |||| 00| 0 eng d
020 _a971-27-1658-9
040 _aDWC-Main Lib.
_cOC
082 _aFil. 342.599 C756 2005
245 _aThe constitutions of the Philippines (with a copy of the Constitution of the United States of America)/
260 _aManila :
_bAnvil Publishing,
_cc2005.
300 _a150 pages ;
_b25 cm. -- (Anvil law books series)
942 _2ddc
_cBK - FIL
_hFil.
_n0
999 _c5932
_d5932